LEADER 00989nam a2200241 i 4500 001 000000193071 003 CaOOAMICUS 005 20101011000000.0 008 101011s1946 it u000 u ita u 013 $a171710 040 $aSeMil$bita 100 1 $aRaviolo, Sebastiano.$0(OLS)http://semarc/name/10066 245 10$aSan Girolamo Emiliani /$cP. Sebastiano Raviolo C. R. Somasco. 260 $aMilano :$bPerinetti Casoni,$cstampa 1946. 300 $a196 p. ;$c17 cm. 490 0 $aI grandi santi della Chiesa 500 $aContiene : Nota bibliografica. 600 04$aGirolamo : Emiliani (Miani) .$0(OLS)http://semarc/subject/9304 830 2$aI grandi santi della Chiesa.$0(OLS)http://semarc/title/13640 850 $aSeMil 852 $aSeMil$W1$xVenegono$y1$m3J II 177$j143645$B143645$CSeMilBibl$Z2$F155196 $81 996 $6245$aSan Girolamo Emiliani$9(OLS)http://semarc/title/278299 996 $6260$aMilano :$bPerinetti Casoni$9(OLS)http://semarc/publisher/31747 LEADER 01034nam a2200229 i 4500 001 000000048770 003 CaOOAMICUS 005 20120604000000.0 008 120604s1967 xx u000 u fre u 013 $a19940 040 $aSeMil$bita 100 1 $aAudet, Jean-Paul.$0(OLS)http://semarc/name/24155 245 10$aMariage et célibat dans le service pastorale de l'Église :$bhistoire et orientations /$cJean-Paul Audet. 260 $aParis :$bÉditions de l'Orante,$ccopyr. 1967. 490 0 $aOrientations ;$v2 650 4$aCelibato ecclesiastico.$0(OLS)http://semarc/subject/1627 650 4$aMatrimonio.$0(OLS)http://semarc/subject/833 830 0$aOrientations ;$v2.$0(OLS)http://semarc/title/36307 850 $aSeMil 852 $aSeMil$W1$xVenegono$y1$m2E I 144$j14925$B14925$CSeMilBibl$Z2$F14925 $81 996 $6245$aMariage et célibat dans le service pastorale de l'Église :$bhistoire et orientations$9(OLS)http://semarc/title/73849 996 $6260$aParis :$bÉditions de l'Orante$9(OLS)http://semarc/publisher/35486